000 00350pam a2200157a 44500
008 230515b1980 xxu||||| |||| 00| 0 eng d
020 _aNULL
041 _aENGL
082 _a005.7565/ JEN.
100 _aJENINS D.
245 _aDBASE III TIPS AND TRICKS
250 _aN.D.
260 _aNULL
_bC.B.S
_c1980
300 _a160 PB
650 _aNULL
999 _c618145
_d618145